| 000 | 00691nam a2200217 a 4500 | ||
|---|---|---|---|
| 005 | 20240919064422.0 | ||
| 008 | 031001s2003 mx r 000 0 spa d | ||
| 020 | _a9870003230 | ||
| 035 | _aUPN01000144115 | ||
| 049 | _aCG | ||
| 050 | 4 |
_aHF1411 _bA3.4 |
|
| 245 | 0 | 4 |
_aLas agendas del capitalismo global / _cNivia Marina Brismat ... [et al.] ; coord. César Verduga Vélez. |
| 260 |
_aBuenos Aires : _bLumen, _c2003. |
||
| 300 | _a395 p. | ||
| 650 | 4 |
_aEconomía internacional _914629 |
|
| 650 | 4 |
_aCapitalismo _96436 |
|
| 650 | 0 |
_aGlobalización _xAspectos económicos _94135 |
|
| 700 | 1 |
_aBrismat, Nivia Marina, _ecoaut. |
|
| 700 | 1 |
_aVerduga Vélez, César, _ecoord. |
|
| 905 | _aLibro | ||
| 999 |
_c116262 _d116262 |
||